000 01028nas a2200361 4500
001 BR2020000237
003 BR-BrBNA
005 20231205132042.0
007 ta
008 230509b bl.|||p| |||| 00| 00por d
040 _aBR-BrBNA
_bpor
_cBiblioteca Nacional de Agricultura
041 _a(En)
072 _aF01
100 1 _aWin, A.N.
100 1 _aXue, Y.
100 1 _aChen, B.
100 1 _aLiao, F.
100 1 _aChen, F.
100 1 _aYin, N.
100 1 _aMei, F.
100 1 _aWang, B.
100 1 _aShi, X.
100 1 _aHe, Y.
100 1 _aChai, Y.
245 1 _aChia (Salvia hispanica)experiment at a 30° N site in Sichuan Basin, China
650 _aÉPOCA DE SEMEADURA
650 _aPRÁTICA CULTURAL
650 _aCONDIÇÃO AMBIENTAL
773 0 _tCiência Rural (Brazil)
_xISSN 1678-4596
_g(2018), v. 48(9) p. 1-13
_wBR2020000237
856 4 0 _uhttp://www.scielo.br/pdf/cr/v48n9/1678-4596-cr-48-09-e20180105.pdf
909 _a202311
_bLúcia
_c55
_dLúcia Elande
942 _2AGRIS
_n0
_cANA
999 _c258209
_d258209